000 00566nam a2200229Ia 4500
003 OSt
005 20220607102810.0
008 210210b2017 xxu||||| |||| 00| 0 eng d
020 _a9789352733699
040 _cAL
041 _aeng
082 _a657.95 KUMC
100 _aKUMAR (S Anil)
_940775
245 _aCorporate accounting
260 _aMumbai
_bHimalaya Publishing House
_c2017
300 _aviii,229
650 _aIII sem BCom
_940776
690 _aAccountancy
_940777
700 _aKUMAR (V Rajesh)
_940778
906 _a072510
942 _2ddc
_cBK
999 _c122338
_d122338